Candidats "Les Marseillais Vs Le RDM (Saison 1 à 7) - Statistiques

Statistiques générales
  • Ce quiz a été pris 2 295 fois
    1 975 depuis la dernière actualisation
  • Le résultat moyen est 110 sur 179
Statistiques - réponses
Saison Candidat % Correct
La Revanche | Les Marseillais & Les Ch'tis Vs Le Reste du Monde | Les Marseillais Vs Le Reste du Monde 2 | +4 others Julien
99%
Les Marseillais Vs Le Reste du Monde 3 | Les Marseillais Vs Le Reste du Monde 5 Jessica
95%
La Revanche | Les Marseillais & Les Ch'tis Vs Le Reste du Monde | Les Marseillais Vs Le Reste du Monde 2 | Les Marseillais Vs Les Ch'tis Jessica
94%
La Revanche | Les Marseillais & Les Ch'tis Vs Le Reste du Monde | Les Marseillais Vs Le Reste du Monde 2 | +4 others Paga
94%
Les Marseillais Vs Le Reste du Monde 3 | Les Marseillais Vs Le Reste du Monde 4 | Les Marseillais Vs Le Reste du Monde 5 Maeva
89%
Les Marseillais & Les Ch'tis Vs Le Reste du Monde | Les Marseillais Vs Le Reste du Monde 2 | Les Marseillais Vs Le Reste du Monde 3 | +2 others Manon
89%
Les Marseillais Vs Le Reste du Monde 4 | Les Marseillais Vs Le Reste du Monde 5 Greg
87%
La Revanche | Les Marseillais & Les Ch'tis Vs Le Reste du Monde | Les Marseillais Vs Le Reste du Monde 2 | +3 others Kévin
87%
Les Marseillais & Les Ch'tis Vs Le Reste du Monde | Les Marseillais Vs Le Reste du Monde 2 | Les Marseillais Vs Le Reste du Monde 3 | +2 others Carla
84%
La Revanche | Les Marseillais & Les Ch'tis Vs Le Reste du Monde | Les Marseillais Vs Le Reste du Monde 2 | Les Marseillais Vs Les Ch'tis Adixia
83%
Les Marseillais Vs Le Reste du Monde 4 | Les Marseillais Vs Le Reste du Monde 5 Milla
83%
Les Marseillais Vs Le Reste du Monde 3 | Les Marseillais Vs Le Reste du Monde 4 | Les Marseillais Vs Le Reste du Monde 5 | Les Marseillais Vs Les Ch'tis Benjamin
81%
Les Marseillais Vs Le Reste du Monde 2 | Les Marseillais Vs Le Reste du Monde 3 | Les Marseillais Vs Le Reste du Monde 5 Thibault
81%
Les Marseillais & Les Ch'tis Vs Le Reste du Monde | Les Marseillais Vs Le Reste du Monde 2 | Les Marseillais Vs Le Reste du Monde 3 | +2 others Nikola
78%
Les Marseillais Vs Le Reste du Monde 3 | Les Marseillais Vs Le Reste du Monde 4 | Les Marseillais Vs Le Reste du Monde 5 Laura
76%
Les Marseillais Vs Le Reste du Monde 5 Océane
76%
Les Marseillais Vs Le Reste du Monde 5 Marine
75%
Les Marseillais & Les Ch'tis Vs Le Reste du Monde | Les Marseillais Vs Le Reste du Monde 2 Milla
72%
La Revanche | Les Marseillais & Les Ch'tis Vs Le Reste du Monde | Les Marseillais Vs Le Reste du Monde 2 | +2 others Stéphanie
71%
La Revanche | Les Marseillais & Les Ch'tis Vs Le Reste du Monde | Les Marseillais Vs Les Ch'tis Vincent
69%
La Revanche | Les Marseillais & Les Ch'tis Vs Le Reste du Monde | Les Marseillais Vs Le Reste du Monde 2 | Les Marseillais Vs Les Ch'tis Hillary
65%
Les Marseillais & Les Ch'tis Vs Le Reste du Monde Ali
64%
Les Marseillais Vs Le Reste du Monde 3 | Les Marseillais Vs Le Reste du Monde 4 Anthony
64%
Les Marseillais Vs Le Reste du Monde 2 Anthony
63%
La Revanche | Les Marseillais & Les Ch'tis Vs Le Reste du Monde | Les Marseillais Vs Les Ch'tis Kim
63%
Les Marseillais Vs Le Reste du Monde 2 Maddy
63%
La Revanche | Les Marseillais & Les Ch'tis Vs Le Reste du Monde | Les Marseillais Vs Les Ch'tis Tressia
63%
Les Marseillais Vs Le Reste du Monde 4 | Les Marseillais Vs Le Reste du Monde 5 Nacca
61%
Les Marseillais Vs Le Reste du Monde 5 Victoria
60%
La Revanche | Les Marseillais Vs Les Ch'tis Jordan
59%
Les Marseillais Vs Le Reste du Monde 4 | Les Marseillais Vs Le Reste du Monde 5 Mélanie
59%
La Revanche | Les Marseillais & Les Ch'tis Vs Le Reste du Monde | Les Marseillais Vs Les Ch'tis Antonin
58%
Les Marseillais Vs Le Reste du Monde 4 | Les Marseillais Vs Le Reste du Monde 5 Illan
57%
Les Marseillais & Les Ch'tis Vs Le Reste du Monde | Les Marseillais Vs Le Reste du Monde 3 Julia
56%
La Revanche | Les Marseillais & Les Ch'tis Vs Le Reste du Monde | Les Marseillais Vs Les Ch'tis Gaëlle
55%
Les Marseillais Vs Le Reste du Monde 4 Hilona
54%
Les Marseillais & Les Ch'tis Vs Le Reste du Monde Nicolas
53%
La Revanche | Les Marseillais Vs Les Ch'tis Christopher
51%
Les Marseillais Vs Le Reste du Monde 3 | Les Marseillais Vs Le Reste du Monde 4 Alix
50%
Les Marseillais Vs Le Reste du Monde 5 Eloïse
50%
Les Marseillais Vs Le Reste du Monde 2 Jessy
48%
La Revanche | Les Marseillais & Les Ch'tis Vs Le Reste du Monde Aurélie
47%
Les Marseillais & Les Ch'tis Vs Le Reste du Monde | Les Marseillais Vs Le Reste du Monde 2 | Les Marseillais Vs Le Reste du Monde 3 Fidji
45%
Les Marseillais Vs Le Reste du Monde 5 Charlotte
44%
Les Marseillais Vs Le Reste du Monde 4 Mujdat
44%
La Revanche | Les Marseillais Vs Les Ch'tis Charlotte
43%
Les Marseillais & Les Ch'tis Vs Le Reste du Monde | Les Marseillais Vs Le Reste du Monde 2 Gabano
41%
Les Marseillais Vs Le Reste du Monde 5 Angèle
40%
Les Marseillais & Les Ch'tis Vs Le Reste du Monde | Les Marseillais Vs Le Reste du Monde 2 Virgil
40%
Les Marseillais Vs Le Reste du Monde 3 | Les Marseillais Vs Le Reste du Monde 4 Camille
38%
Les Marseillais Vs Le Reste du Monde 2 Liam
38%
Les Marseillais & Les Ch'tis Vs Le Reste du Monde | Les Marseillais Vs Le Reste du Monde 2 Montaine
38%
Les Marseillais Vs Le Reste du Monde 5 Ricardo
35%
Les Marseillais Vs Le Reste du Monde 4 Sébastien
35%
Les Marseillais Vs Le Reste du Monde 3 Coralie
34%
Les Marseillais Vs Le Reste du Monde 2 | Les Marseillais Vs Le Reste du Monde 3 Martika
34%
Les Marseillais Vs Le Reste du Monde 5 Nehuda
34%
Les Marseillais & Les Ch'tis Vs Le Reste du Monde Nadège
33%
Les Marseillais Vs Le Reste du Monde 4 Ness
32%
Les Marseillais & Les Ch'tis Vs Le Reste du Monde | Les Marseillais Vs Le Reste du Monde 2 Rémi
31%
Les Marseillais Vs Le Reste du Monde 5 Marvin
30%
Les Marseillais Vs Le Reste du Monde 3 Dylan
29%
Les Marseillais Vs Le Reste du Monde 2 Haneia
28%
Les Marseillais Vs Le Reste du Monde 5 Inès
28%
Les Marseillais & Les Ch'tis Vs Le Reste du Monde Alia
27%
Les Marseillais Vs Le Reste du Monde 5 Antoine
26%
La Revanche | Les Marseillais Vs Le Reste du Monde 3 Jérémy
26%
Les Marseillais Vs Le Reste du Monde 3 Oxanna
26%
Les Marseillais Vs Le Reste du Monde 4 Nathanya
24%
Les Marseillais Vs Le Reste du Monde 3 Elsa
22%
Les Marseillais Vs Le Reste du Monde 2 Valentin
22%
Les Marseillais Vs Le Reste du Monde 4 Jonathan
21%
Les Marseillais Vs Les Ch'tis Micha
21%
Les Marseillais Vs Le Reste du Monde 4 Anissa
20%
Les Marseillais & Les Ch'tis Vs Le Reste du Monde Florian
20%
Les Marseillais Vs Les Ch'tis Charles
18%
Les Marseillais Vs Le Reste du Monde 2 Darko
18%
Les Marseillais & Les Ch'tis Vs Le Reste du Monde Oxanna
18%
La Revanche Bilal
17%
Les Marseillais Vs Le Reste du Monde 2 Matthieu
17%
La Revanche Emmanuelle
16%
Les Marseillais Vs Le Reste du Monde 2 Jéléna
16%
Les Marseillais Vs Le Reste du Monde 4 Dita
15%
Les Marseillais & Les Ch'tis Vs Le Reste du Monde Karisma
13%
La Revanche Norma
13%
Les Marseillais Vs Les Ch'tis Mérylie
11%
La Revanche Céline
10%
Les Marseillais Vs Les Ch'tis Serena
6%
Aucun quiz correspondant
Distribution des résultats
% des personnes avec chaque résultat
Percentile par nombre de réponses
Votre historique - résultats
Vous n’avez pas pris ce quiz depuis la dernière actualisation